[Event "93rd FRA-ch Acession 2018"]
[Site "Nimes"]
[Date "2018.08.20"]
[Round "3"]
[White "Velten, Paul"]
[Black "Mullon, Jean-Baptiste"]
[Result "1/2-1/2"]
[WhiteElo "2464"]
[BlackElo "2356"]
[Annotator "TA"]
[PlyCount "68"]
[EventDate "2018.08.18"]
[EventType "tourn"]
[EventCountry "FRA"]
[SourceTitle "playchess.com"]
[Source "ChessBase"]
[SourceQuality "1"]

{[%evp 23,68,28,37,0,6,6,6,-14,13,13,28,14,67,74,58,12,65,67,55,47,103,110,107,73,98,85,102,96,127,133,125,102,122,0,125,100,106,17,33,0,0,0,0,0,0,-56,-55]} 1. d4 d5 2. c4 c6 3. Nc3 Nf6 4. e3 e6 5. Nf3 Nbd7 6. Bd3 Bd6 7. O-O O-O 8. e4 dxe4 9. Nxe4 Nxe4 10. Bxe4 h6 11. Re1 e5 12. Bc2 Bb4 {LiveBook: 51 Games. D46: Semi-Slav: 5 e3 Nbd7 6 Bd3, Black avoids the Meran} 13. Re3 $146 ({Reject} 13. Nxe5 Bxe1 14. Qxe1 Nxe5 $15) ({Predecessor:} 13. Re2 exd4 14. Qd3 Nf6 15. h3 Re8 16. Rxe8+ Qxe8 17. Bf4 Be6 18. Be5 c5 19. a3 Ba5 20. Bxf6 gxf6 {½-½ (35) Meier,G (2646)-Michiels,B (2535) Tromsoe 2014}) 13... exd4 14. Nxd4 {And now Rg3 would win.} Nf6 {The position is equal.} 15. Rd3 {Threatens to win with Bxh6!} Qe7 16. Bf4 Bg4 17. Qc1 Rfe8 ({Black should try} 17... Bc5 $11) 18. h3 $36 {[%mdl 2048] Keeping Black busy.} Bh5 19. Rg3 {aiming for Nf5.} (19. Bxh6 $5 Bg6 20. Re3 $14) 19... Bg6 (19... Qd8 $1 $11 20. Nf5 Bg6) 20. Bxg6 fxg6 {[#]} 21. Bxh6 $1 {[%mdl 512]} Qe4 {[#]} (21... Bc5 $14 22. Be3 (22. Rxg6 Bxd4 23. Rxg7+ Qxg7 $14) 22... Qf7) (21... gxh6 22. Qxh6) 22. Be3 $1 $16 Rad8 23. Ne2 Bd6 {[#]} 24. Rf3 $1 Qe5 {White must now prevent ...Qh2+.} 25. Ng3 Qa5 26. Qc2 {Rxf6! is the strong threat.} Kh7 27. Bd2 Qc5 28. Be3 Qa5 $1 29. a3 Bc5 30. Rd1 (30. Bxc5 $16 Qxc5 31. Rd3) 30... Bxe3 $11 31. Rxe3 Rxe3 32. fxe3 Rxd1+ 33. Qxd1 Qe5 34. Ne2 (34. Nf1 $11) 34... Qxe3+ {Precision: White = 40%, Black = 44%.} 1/2-1/2

[Event "93rd FRA-ch Acession 2018"]
[Site "Nimes"]
[Date "2018.08.20"]
[Round "3"]
[White "Monroy, Charles"]
[Black "Riff, Jean-Noel"]
[Result "1/2-1/2"]
[WhiteElo "2428"]
[BlackElo "2510"]
[Annotator "ChessBase"]
[PlyCount "80"]
[EventDate "2018.08.18"]
[EventType "tourn"]
[EventCountry "FRA"]
[SourceTitle "playchess.com"]
[Source "ChessBase"]
[SourceQuality "1"]
[TimeControl "40/5400+30:1800+30"]

1. Nf3 {[%emt 0:00:00]} d5 {[%emt 0:00:00]} 2. d4 {[%emt 0:00:08]} Nf6 {[%emt 0:00:00]} 3. c4 {[%emt 0:00:08]} e6 {[%emt 0:00:00]} 4. Nc3 {[%emt 0:00:24]} Be7 {[%emt 0:00:00]} 5. Bg5 {[%emt 0:01:16]} h6 {[%emt 0:00:07]} 6. Bh4 {[%emt 0:00:36]} O-O {[%emt 0:00:07]} 7. e3 {[%emt 0:00:29]} Nbd7 {[%emt 0:00:02]} 8. Rc1 {[%emt 0:02:23]} c5 {[%emt 0:01:12]} 9. cxd5 {[%emt 0:01:33]} Nxd5 {[%emt 0:00:39]} 10. Bxe7 {[%emt 0:00:16]} Nxe7 {[%emt 0:00:04]} 11. Bd3 {[%emt 0:15:29]} cxd4 {[%emt 0:07:15]} 12. Nxd4 {[%emt 0:03:43]} Nf6 {[%emt 0:16:32]} 13. O-O {[%emt 0:05:38]} e5 {[%emt 0:09:05]} 14. Nf3 {[%emt 0:10:18]} Bg4 {[%emt 0:00:40]} 15. Bb1 {[%emt 0:00:46]} Qa5 {[%emt 0:11:17]} 16. Qa4 {[%emt 0:04:09]} Qxa4 {[%emt 0:01:11]} 17. Nxa4 {[%emt 0:00:02]} Bxf3 {[%emt 0:00:11]} 18. gxf3 {[%emt 0:00:11]} Rac8 {[%emt 0:00:35]} 19. Nc5 {[%emt 0:01:50]} b6 {[%emt 0:00:35]} 20. Ne4 {[%emt 0:00:24]} Nxe4 {[%emt 0:00:18]} 21. Bxe4 {[%emt 0:00:18]} Rxc1 {[%emt 0:08:40]} 22. Rxc1 {[%emt 0:00:30]} Rc8 {[%emt 0:00:02]} 23. Rd1 {[%emt 0:05:32]} f5 {[%emt 0:00:05]} 24. Bb1 {[%emt 0:00:10]} Kf7 {[%emt 0:00:46]} 25. a3 {[%emt 0:00:56]} Ke8 {[%emt 0:00:58]} 26. Kf1 {[%emt 0:11:37]} Rd8 {[%emt 0:01:37]} 27. Bd3 {[%emt 0:00:10]} Rd5 {[%emt 0:06:10]} 28. Ke2 {[%emt 0:01:05]} Kd8 {[%emt 0:00:34]} 29. Rg1 {[%emt 0:02:06]} g6 {[%emt 0:00:15]} 30. h4 {[%emt 0:01:18]} Rd6 {[%emt 0:00:07]} 31. Rc1 {[%emt 0:02:19]} Rd5 {[%emt 0:03:09]} 32. Rc4 {[%emt 0:02:40]} Rc5 {[%emt 0:02:32]} 33. Rxc5 {[%emt 0:09:58]} bxc5 {[%emt 0:01:34]} 34. Bc4 {[%emt 0:00:11]} Nc8 {[%emt 0:04:27]} 35. Bf7 {[%emt 0:03:22]} g5 {[%emt 0:00:33]} 36. hxg5 {[%emt 0:00:11]} hxg5 {[%emt 0:00:05]} 37. Be6 {[%emt 0:00:54]} Nd6 {[%emt 0:00:06]} 38. Kd3 {[%emt 0:01:40]} Kc7 {[%emt 0:01:08]} 39. Bd5 {[%emt 0:00:11]} Kb6 {[%emt 0:00:10]} 40. Kc3 {[%emt 0:00:17]} a5 {[%emt 0:00:18]} 1/2-1/2

[Event "93rd FRA-ch Acession 2018"]
[Site "Nimes"]
[Date "2018.08.20"]
[Round "3"]
[White "Ternault, Mathieu"]
[Black "Barseghyan, Harutyun"]
[Result "1/2-1/2"]
[WhiteElo "2340"]
[BlackElo "2474"]
[Annotator "TA"]
[PlyCount "40"]
[EventDate "2018.08.18"]
[EventType "tourn"]
[EventCountry "FRA"]
[SourceTitle "playchess.com"]
[Source "ChessBase"]
[SourceQuality "1"]

{[%evp 23,40,75,85,10,13,13,13,13,16,0,0,-29,-20,-21,-11,-21,-24,-30,-21]} 1. d4 Nf6 2. c4 e6 3. Nc3 c5 4. d5 exd5 5. cxd5 d6 6. Nf3 g6 7. Bf4 a6 8. a4 Bg7 9. e3 O-O {A61: Benoni} 10. Be2 (10. h3 Qe7 11. Bd3 Nbd7 12. O-O Ne8 13. e4 Rb8 14. Re1 Nc7 15. Qd2 Ne5 16. Nxe5 Bxe5 17. Bxe5 Qxe5 18. a5 {1-0 (42) Akobian,V (2647)-Ponkratov,P (2613) Riadh 2017}) 10... Nh5 11. Bg5 f6 12. Bh4 g5 {LiveBook: 5 Partien} 13. Bg3 ({Lieber} 13. Bd3 $16) 13... f5 $11 14. Nd2 Nxg3 15. hxg3 Nd7 16. Qc2 Rb8 $146 ({Vorgänger:} 16... Ne5 17. f4 {1-0 (52) Fodor,T (2491)-Jackson,J (2343) Birmingham 2015}) 17. g4 Ne5 18. Nc4 Nxc4 19. Bxc4 h6 20. gxf5 $1 Bxf5 1/2-1/2

[Event "93rd FRA-ch Acession 2018"]
[Site "Nimes"]
[Date "2018.08.21"]
[Round "4"]
[White "Riff, Jean-Noel"]
[Black "Ternault, Mathieu"]
[Result "1-0"]
[WhiteElo "2510"]
[BlackElo "2340"]
[Annotator "TA"]
[PlyCount "87"]
[EventDate "2018.08.18"]
[EventType "tourn"]
[EventCountry "FRA"]
[SourceTitle "playchess.com"]
[Source "ChessBase"]
[SourceQuality "1"]

{[%evp 20,87,4,9,18,20,14,0,60,33,42,30,35,37,44,41,39,48,31,37,44,24,97,89,98,98,93,79,90,90,96,93,137,85,86,98,197,183,207,170,174,170,204,170,170,170,189,170,230,170,270,170,337,283,381,198,384,384,389,391,386,391,588,581,523,589,602,569,788,740]} 1. e4 e6 2. d4 d5 3. Nd2 Be7 4. Ngf3 Nf6 5. e5 Nfd7 6. Bd3 c5 7. c3 {C03: Französische Verteidigung (Tarrasch-Variante)} b6 8. O-O Ba6 9. Ne1 Bxd3 10. Nxd3 Nc6 11. Qg4 {LiveBook: 18 Partien} g6 12. Nf3 h5 13. Qg3 Qc7 {[#]} (13... c4 $11 14. Nde1 b5) 14. Bg5 $146 Bxg5 15. Qxg5 Qd8 16. Qf4 c4 17. Ng5 {[%csl Gg5][%cal Rf4f7] [#]} Qe7 18. Ne1 b5 19. Nc2 $36 {[%mdl 2048] Weiss hat Druck.} Nb6 20. Rfe1 O-O-O (20... Na4 $11 {hält das Gleichgewicht.}) 21. h4 Rd7 22. b3 Kb7 23. Reb1 Ka8 24. bxc4 bxc4 25. a4 {[%cal Ba2a4,Ba4a5,Ba5a6][%mdl 32]} Rb8 26. Nb4 (26. a5 $142 Nc8 27. Rxb8+ Kxb8 28. a6) 26... Nxb4 $16 27. Rxb4 Rdb7 (27... Rc7 $16) 28. a5 $18 Nc8 29. Rxb7 Rxb7 30. a6 Rc7 31. g3 Nb6 32. Ra5 {[%cal Ba1a5,Ba5b5,Bb5b4][%mdl 32]} Kb8 33. Kg2 Kc8 (33... Qd7 $142 34. Qc1 Ka8) 34. Rb5 Kd8 (34... Qd7 {kämpft weiter.}) 35. Rb4 Ke8 $2 {[#]} (35... Kc8 36. Qc1 Kb8) 36. Qc1 Rc6 37. Qb2 (37. Nh7 $142 Kd8 38. Nf6) 37... Qc7 $2 (37... Rc8 {ist eine bessere Verteidigung.} 38. Nh7 Kd8) 38. Nh7 Qe7 39. Nf6+ Kd8 40. Qa3 Kc7 41. Qa5 {Weiß steht klar auf Gewinn.} Kc8 42. Rb5 Qf8 43. Rc5 Kc7 44. Qb4 {Precision: Weiß = 77%, Schwarz = 35%.} 1-0

[Event "93rd FRA-ch Acession 2018"]
[Site "Nimes"]
[Date "2018.08.21"]
[Round "4"]
[White "Barseghyan, Harutyun"]
[Black "Joie, Sebastien"]
[Result "1/2-1/2"]
[WhiteElo "2474"]
[BlackElo "2424"]
[Annotator "TA"]
[PlyCount "185"]
[EventDate "2018.08.18"]
[EventType "tourn"]
[EventCountry "FRA"]
[SourceTitle "playchess.com"]
[Source "ChessBase"]
[SourceQuality "1"]

{[%evp 10,185,28,13,36,12,53,52,57,29,38,33,65,58,60,60,66,57,59,43,50,32,68,100,95,75,68,84,109,106,115,108,100,75,72,76,94,83,100,100,115,115,129,118,115,108,131,131,201,202,188,141,132,118,124,23,13,22,41,41,41,41,41,41,41,41,51,0,0,0,0,0,0,0,0,-18,15,15,15,15,15,15,15,6,22,22,81,81,81,81,81,81,81,0,81,81,81,0,100,100,100,100,100,100,100,100,100,100,100,100,100,100,100,100,100,0,100,100,100,100,100,100,100,100,100,100,100,100,100,0,0,0,0,0,0,0,0,0,0,0,0,0,0,0,0,0,0,0,0,0,0,0,0,0,0,0,0,0,0,0,0,0,0,0,0,0,0,0,0,0,0,0,0,0,0,0,0,-5077]} 1. d4 d5 2. c4 e6 3. Nf3 c6 4. Qc2 dxc4 5. Qxc4 b5 6. Qb3 {LiveBook: 8 Games. D30: Queen's Gambit Declined: Systems without Nc3} (6. Qd3 Bb7 7. g3 a6 8. Bg2 c5 9. a4 c4 10. Qd1 Nd7 11. axb5 axb5 12. Rxa8 Qxa8 13. O-O Ngf6 {0-1 (33) Lei,T (2495)-Korobov,A (2713) Moscow 2016}) 6... Bb7 7. Bg5 Qb6 8. e3 $146 {White is slightly better.} ({Predecessor:} 8. Nc3 Nd7 9. e3 Ngf6 10. Be2 a6 11. a4 b4 12. a5 Qc7 13. Bf4 Qd8 {1-0 (42) Benkovic,P (2410)-Stojanovic,M (2414) Backa Palanka 2001}) 8... Nd7 9. Nbd2 Ngf6 10. Be2 a6 11. a4 Be7 12. O-O O-O 13. Rfc1 Rfc8 14. Ne5 Qd8 {next ...Nxe5 is good for Black.} 15. Nxd7 Nxd7 16. Bxe7 Qxe7 17. Ne4 e5 18. dxe5 Nxe5 19. Nc5 Rab8 20. Qb4 Re8 21. a5 Rbd8 22. Qc3 Bc8 23. Rd1 Kf8 24. b4 f6 25. Rac1 Rxd1+ 26. Bxd1 Rd8 27. Be2 Qd6 28. f4 Qd2 {[#]} (28... Ng6 $16 {was worth a try.} 29. Rd1 Qc7) 29. Qxd2 $1 $18 ({Stronger than} 29. fxe5 Qxe2 30. Re1 (30. exf6 $2 Rd2 $19) 30... Rd1 $11) 29... Rxd2 30. Kf1 ({Don't play} 30. fxe5 $6 Rxe2 31. exf6 gxf6 $14) 30... Nf7 31. Nb3 Rb2 32. Nd4 (32. Rxc6 $16 Bb7 33. Rb6) 32... Nd8 $1 $11 33. Bf3 Rxb4 34. Nxc6 Nxc6 35. Rxc6 {[%mdl 4096] Endgame KRB-KRB} Bb7 $1 {[%cal Rb7c6]} 36. Rb6 Bxf3 37. gxf3 $14 {KR-KR} Rb2 38. h4 (38. Rxa6 $14 Ra2 39. h3) 38... b4 $11 39. Rxa6 Ra2 40. Ra8+ Kf7 {[#] aiming for ...b3.} 41. a6 (41. Rb8 {feels hotter.} Rxa5 42. Rb7+ Kg6 43. Rxb4 Rh5 44. Kg2) 41... Kg6 42. Rb8 Rxa6 (42... Kh5 {keeps more tension.} 43. Rxb4 Kxh4 44. Rb7 Kg3 45. a7 Kxf3 46. Kg1 g6) 43. Rxb4 Ra2 44. Kg1 Re2 45. e4 Ra2 46. Rb7 Re2 47. Re7 (47. f5+ {with more complications.} Kh6 48. Ra7 Rc2 49. Rd7 Re2 50. Rd8) 47... h5 (47... Rb2 $11) 48. f5+ Kh7 49. Rd7 Kg8 50. Rd8+ Kf7 51. Rd7+ (51. Rd6 $16) 51... Kf8 (51... Kg8 $1 $11) 52. Rd1 Ke7 53. Rf1 (53. Kf1 $16 Ra2 54. Re1) 53... Kf7 (53... Kd6 $11) 54. Rf2 $16 Re1+ 55. Kg2 g6 56. fxg6+ Kxg6 57. Rd2 Ra1 58. Rd6 Ra5 59. Kg3 Rb5 60. Kf4 Ra5 61. Re6 Kf7 62. Rd6 (62. Rb6 {is interesting.} Ra3 63. Rb7+ Kg6 64. Rb5 Ra4 65. Rb8) 62... Kg6 $1 63. Rd8 Rb5 64. Rg8+ Kf7 65. Rg1 (65. Rc8 {looks sharper.} Kg6 66. Kg3 Rb4 67. Ra8 Rb1 68. Rg8+) 65... Ra5 66. Rd1 {And now Rd5 would win.} Kg6 67. Rd3 Rb5 68. Ke3 Rb1 69. f4 (69. Kf2 $16) 69... Re1+ $11 {The position is equal.} 70. Kd4 Rh1 71. f5+ Kf7 72. Kd5 Rxh4 73. Rb3 Kg7 74. e5 fxe5 75. Ke6 {f6+ is the strong threat.} Rf4 76. Rg3+ Kh6 77. f6 h4 78. Rg8 e4 79. f7 e3 {Threatens to win with ...e2.} 80. f8=Q+ Rxf8 81. Rxf8 {KR-KPP} Kg5 $1 ({Don't blunder} 81... e2 $2 82. Kf6 $18) 82. Ke5 Kg4 $1 83. Ke4 {Intending Rg8+ and mate.} e2 84. Rg8+ Kh3 85. Rg1 {Threatening mate with Kf3.} Kh2 $1 {[%cal Rh2g1]} 86. Re1 Kg3 $1 87. Rxe2 {KR-KP} h3 88. Re3+ Kg2 89. Kf4 {White wants to mate with Re2+.} h2 90. Re2+ Kh3 $1 91. Re1 {White threatens Kf3 and mate.} Kg2 92. Re2+ Kh3 $1 93. Ke4 $2 {[%mdl 40960] Precision: White = 67%, Black = 66%. . An unexpected result.} (93. Re8 $11) 1/2-1/2

[Event "93rd FRA-ch Acession 2018"]
[Site "Nimes"]
[Date "2018.08.21"]
[Round "4"]
[White "Mullon, Jean-Baptiste"]
[Black "Bailet, Pierre"]
[Result "1/2-1/2"]
[WhiteElo "2356"]
[BlackElo "2496"]
[Annotator "TA"]
[PlyCount "64"]
[EventDate "2018.08.18"]
[EventType "tourn"]
[EventCountry "FRA"]
[SourceTitle "playchess.com"]
[Source "ChessBase"]
[SourceQuality "1"]

{[%evp 13,64,10,14,0,19,25,27,14,20,-4,0,0,0,0,0,-10,47,28,81,82,80,64,124,80,71,16,19,3,6,0,6,0,0,0,0,0,0,0,0,0,0,0,0,0,0,0,0,0,0,0,0,0,0]} 1. e4 c6 2. Nc3 d5 3. Nf3 g6 4. d4 Bg7 5. h3 Nf6 6. exd5 {B15: Caro-Kann: 3 Nc3: 3...g6 and 3...dxe4 4 Nxe4 Nf6 5 Nxf6+ exf6} (6. e5 Ne4 7. Nxe4 dxe4 8. Ng5 c5 9. dxc5 Qxd1+ 10. Kxd1 Bxe5 11. Nxe4 O-O 12. c3 Rd8+ 13. Kc2 Bf5 14. f3 Nd7 15. Be3 Rdc8 16. Bd3 Bxe4 17. Bxe4 Nxc5 18. Bxc5 Rxc5 19. Bxb7 {1-0 (45) Vachier Lagrave,M (2793)-Sandipan,C (2579) Caleta 2018}) 6... cxd5 7. Bd3 Nc6 {LiveBook: 4 Games} 8. a3 Bf5 9. Bxf5 gxf5 10. Qd3 $146 ({Predecessor:} 10. Bf4 e6 11. O-O O-O 12. Re1 Ne4 13. Ne5 {0-1 (32) Williams,R (1278)-Beatrea,P ICCF email 2016}) 10... Ne4 11. g4 (11. Ne2 {keeps more tension.} a6 12. O-O e6 13. Bf4 O-O 14. c3) 11... Nxc3 12. bxc3 fxg4 13. hxg4 Qd7 14. g5 e5 (14... O-O-O $11) 15. dxe5 $14 Nxe5 (15... Bxe5 $11 {remains equal.} 16. Be3 (16. Nxe5 Nxe5 17. Qh3 Nc4 $11) 16... O-O-O) 16. Nxe5 $16 Bxe5 17. Be3 Qc6 (17... O-O-O $14) 18. Bd4 Bxd4 19. cxd4 (19. Qxd4 $16 O-O 20. O-O-O) 19... O-O-O $11 {The position is equal.} 20. Rh6 Rd6 21. Rxd6 (21. Qf5+ {with more complications.} Qd7 22. Qxd7+ Kxd7 23. Rh5 Re6+ 24. Kf1) 21... Qxd6 {[%mdl 4096] Endgame KQR-KQR} 22. Qf5+ Qd7 23. Qxd7+ Kxd7 {KR-KR} 24. Kd2 h5 25. gxh6 Rxh6 26. Rb1 Kc6 27. Rb3 Rh4 28. Rc3+ Kd6 29. Ke3 Re4+ 30. Kd3 Rf4 31. Ke3 Re4+ 32. Kd3 Rf4 {Precision: White = 61%, Black = 32%.} 1/2-1/2

[Event "93rd FRA-ch Acession 2018"]
[Site "Nimes"]
[Date "2018.08.21"]
[Round "4"]
[White "Fruchard, Cyrille"]
[Black "Velten, Paul"]
[Result "1/2-1/2"]
[WhiteElo "2240"]
[BlackElo "2464"]
[Annotator "TA"]
[PlyCount "113"]
[EventDate "2018.08.18"]
[EventType "tourn"]
[EventCountry "FRA"]
[SourceTitle "playchess.com"]
[Source "ChessBase"]
[SourceQuality "1"]

{[%evp 14,113,8,0,27,14,29,35,43,37,48,40,32,31,37,8,45,33,54,31,39,17,33,33,49,16,40,42,50,43,43,35,46,46,47,47,47,47,37,31,52,48,36,26,52,36,86,71,124,49,183,165,175,142,129,125,270,220,178,161,331,156,159,101,112,82,131,134,113,136,134,113,204,199,214,218,216,206,255,262,248,59,72,49,80,73,110,95,118,118,118,118,112,104,135,137,132,113,103,12,56,0]} 1. d4 Nf6 2. c4 e6 3. Nc3 Bb4 4. e3 O-O 5. Nge2 Re8 6. a3 Bf8 7. e4 d6 {E46: Nimzo-Indian: Rubinstein: 4 e3 0-0 5 Ne2 without early Bd3} (7... d5 8. e5 Nfd7 9. c5 b6 10. b4 a5 11. Rb1 f6 12. f4 axb4 13. axb4 bxc5 14. bxc5 fxe5 15. fxe5 {0-1 (41) Zhang,P (2567)-Matlakov,M (2684) Harbin 2016}) 8. f3 {LiveBook: 3 Games} a6 9. Be3 Nbd7 {The position is equal.} 10. Ng3 $146 ({Predecessor:} 10. Qd2 c5 11. d5 {½-½ (11) Deglmann,L (2353)-Stocko,J (2304) Zadar 2015}) 10... c5 11. Be2 cxd4 12. Bxd4 b6 13. O-O Bb7 14. Qc2 Qc7 15. Rac1 Rac8 16. Rfd1 Qb8 17. Bf1 Bc6 18. Qf2 Be7 19. Kh1 Bd8 20. Be3 Ne5 21. b3 {[%cal Bb2b3,Bb3b4][%mdl 32]} Bc7 22. Nge2 Rcd8 23. Nd4 Bb7 24. Nc2 Ned7 25. Qg1 h6 26. b4 Rc8 27. Nd4 Qa8 28. Nb3 Qb8 29. Bd4 Re7 30. a4 Qa8 (30... d5 $142) 31. Ra1 (31. a5 $16) 31... Ne5 (31... d5 $1 $14) 32. a5 $18 bxa5 33. Bxe5 dxe5 34. Nxa5 Rb8 (34... Bxa5 $16 {was worth a try.} 35. Rxa5 Rd8) 35. c5 Bc8 36. Rdb1 Bd8 $2 {[#]} (36... Kh7 37. Nc4 Qc6) 37. Bc4 (37. Nc4 $18 {and the rest is easy.}) 37... Rd7 38. Ne2 (38. Qf1 $142) 38... Ne8 39. Qc1 Nc7 40. Qc3 Bf6 41. Rd1 Kf8 42. Qa3 Ke8 (42... Kg8 $16 {was necessary.}) 43. Qa4 Nb5 {[#]} 44. Bxb5 $1 axb5 45. Qc2 Qa6 46. Rxd7 Bxd7 47. Nb3 $2 (47. c6 $18) 47... Qc8 48. Ra7 Bd8 49. Qa2 Bc6 50. Nc3 h5 51. Kg1 {[%cal Bh1g1,Bg1f2,Bf2e2][%mdl 32]} Bg5 52. Kf2 Kf8 53. Qa6 Be8 54. Qxc8 Rxc8 55. Ke2 h4 56. Na5 (56. h3 $16) 56... Rd8 $1 $11 {[%cal Rd8d2]} 57. Nb3 {Precision: White = 50%, Black = 24%.} ({White should play} 57. Rb7 $1 $14) 1/2-1/2

[Event "93rd FRA-ch Acession 2018"]
[Site "Nimes"]
[Date "2018.08.22"]
[Round "5"]
[White "Bailet, Pierre"]
[Black "Riff, Jean-Noel"]
[Result "1/2-1/2"]
[WhiteElo "2496"]
[BlackElo "2510"]
[Annotator "TA"]
[PlyCount "45"]
[EventDate "2018.08.18"]
[EventType "tourn"]
[EventCountry "FRA"]
[SourceTitle "playchess.com"]
[Source "ChessBase"]
[SourceQuality "1"]

{[%evp 25,45,0,0,0,0,0,0,0,0,-33,-27,-19,-20,-20,-21,-19,-27,-39,0,0,0,-40]} 1. e4 c5 2. Nf3 d6 3. d4 cxd4 4. Nxd4 Nf6 5. Nc3 a6 6. Bg5 e6 7. f4 h6 8. Bh4 Qb6 9. Qd2 {B96: Sicilian Najdorf: 6 Bg5 e6 7 f4, lines other than 7...Qb6 and 7...Be7} (9. a3 Be7 10. Bf2 Qc7 11. Qf3 Nbd7 12. O-O-O b5 13. g4 Bb7 14. h4 Nc5 15. Bd3 d5 16. e5 Nfe4 17. Bxe4 Nxe4 {½-½ (51) Caruana,F (2822)-Vachier Lagrave,M (2779) Saint Louis 2018}) 9... Qxb2 10. Rb1 Qa3 11. f5 Be7 12. fxe6 fxe6 13. Bc4 Nxe4 $1 {LiveBook: 17 Games} 14. Nxe4 Bxh4+ 15. g3 Bg5 16. Nxg5 hxg5 17. Nxe6 Bxe6 18. Bxe6 {[#] Strongly threatening 0-0.} Qxg3+ $1 19. hxg3 Rxh1+ {[#]} 20. Ke2 $146 Rh2+ 21. Ke1 Rh1+ {[%mdl 1024] Black has compensation.} 22. Ke2 Rh2+ 23. Ke1 1/2-1/2

[Event "93rd FRA-ch Acession 2018"]
[Site "Nimes"]
[Date "2018.08.22"]
[Round "5"]
[White "Velten, Paul"]
[Black "Meunier, Clement"]
[Result "1-0"]
[WhiteElo "2464"]
[BlackElo "2307"]
[Annotator "TA"]
[PlyCount "155"]
[EventDate "2018.08.18"]
[EventType "tourn"]
[EventCountry "FRA"]
[SourceTitle "playchess.com"]
[Source "ChessBase"]
[SourceQuality "1"]

{[%evp 22,155,0,-124,-50,-59,-50,-78,-65,-65,-66,-100,-84,-93,-50,-46,-59,-54,-62,-88,-99,-106,-85,-131,-132,-120,0,0,0,0,0,0,0,0,0,0,0,0,4,22,11,0,0,0,12,0,0,0,0,0,334,318,347,356,337,333,305,260,250,48,48,44,46,45,53,54,69,50,84,75,74,68,54,0,0,0,113,105,79,12,43,35,56,22,13,29,521,518,252,16,501,497,454,397,396,384,503,503,836,1018,1046,1000,29964,29965,29962,29965,29962,29957,29980,29981,29981,29982,29982,29978,29979,0,29983,29984,29984,29985,29985,29986,29981,29982,29982,29983,29983,29984,29984,29985,29985,29986,29986,29987,29991,29992]} 1. Nf3 Nf6 2. c4 c5 3. Nc3 Nc6 4. g3 g6 5. Bg2 Bg7 6. O-O O-O 7. d4 d6 8. h3 cxd4 9. Nxd4 Nxd4 10. Qxd4 Be6 11. Qh4 Rc8 12. Nd5 {[#] LiveBook: 3 Games} (12. b3 $1 $11 {was the only way to keep the balance.}) 12... Bxd5 {E65: King's Indian: Fianchetto: 6...c5 7 0-0 without d5 by White} ({Better is} 12... b5 $1 $17 {[%mdl 512]} 13. Nf4 (13. cxb5 Bxd5) 13... Bxc4) 13. cxd5 $15 Qa5 $1 14. e4 {[%cal Be2e4,Be4e5][%mdl 32]} Rc2 {Black is better.} 15. a3 Qb5 $146 ({Predecessor:} 15... Rfc8 16. Rb1 Qb5 17. Re1 a6 18. Qg5 Qb3 19. Qe3 Qa2 20. Bd2 Rxb2 {½-½ (44) Soumya,S (2336)-Nguyen,T (2237) Sharjah 2014}) 16. Rb1 Qb3 17. Qg5 Rfc8 18. e5 $1 {[%cal Re5f6]} Qa2 ({Don't play} 18... Nxd5 $6 19. exd6 f5 20. dxe7 $16) 19. Be3 h6 $1 {[%cal Rh6g5]} 20. Qh4 Nxd5 21. Bxh6 Bxe5 22. Be4 Rxb2 23. Qg4 Rc5 {[#]} (23... Rb8 $17 24. Rxb2 Bxb2) 24. Bxg6 $1 $11 {[%mdl 512]} fxg6 25. Qxg6+ Kh8 {...Rxb1 is the strong threat.} 26. Rbe1 $1 {[%cal Re1e5] White wants to mate with Rxe5!} Re2 $1 {[%cal Re2e1] [#] White must now prevent ...Rxe1.} 27. Bg7+ $1 {[%mdl 512]} Bxg7 28. Qh5+ Kg8 29. Rxe2 Qc4 {aiming for ...Nf6.} (29... Qxa3 30. Qe8+ Kh7 31. Re4 $18) 30. Qe8+ Kh7 31. Qh5+ Kg8 32. Qe8+ Kh7 33. Rfe1 {Threatens to win with Re6.} Rc8 34. Qh5+ Kg8 35. Re4 $1 {[%cal Re4c4]} Qa2 $2 {[%mdl 8192]} (35... Qc5 $11) 36. Qg6 $1 $18 Rf8 37. Qe6+ $1 Rf7 {[#]} 38. Rf4 $1 {[%mdl 512]} Bf6 (38... Nxf4 39. Qxa2) 39. Rc1 {Threatening mate with Rg4+.} Nc3 {[#]} 40. Qxa2 $2 (40. Rg4+ $1 $18 Bg7 41. Qxa2 (41. Qc8+ Kh7 $16) 41... Nxa2 42. Rc2) 40... Nxa2 $14 41. Rc2 Nc3 {[#]} 42. Rxf6 $1 {[%mdl 512]} Rxf6 (42... exf6 43. Rxc3) 43. Rxc3 {[%mdl 4096] Endgame KR-KR} e5 44. h4 Rf7 45. Kg2 Kg7 46. Rd3 Rd7 $1 47. f4 (47. g4 $14) 47... exf4 $11 48. g4 Kf6 (48... Re7 $11 {remains equal.}) 49. Kf3 $16 {[%mdl 1024] White has strong compensation.} Ke5 50. Rd1 (50. g5 $16) 50... Rc7 {White should prevent ...Rc3+.} 51. Re1+ Kf6 52. Re4 Rc3+ 53. Kxf4 Rxa3 $2 {[%mdl 8192]} (53... b5 $1 $11 {and Black stays safe.}) 54. g5+ $18 Kf7 55. Rd4 $2 (55. Kf5 $18) 55... Ke6 $2 {[%mdl 8192]} (55... b5 $11 {and Black has nothing to worry.} 56. Rxd6 Ra4+ 57. Kg3 b4) 56. h5 {[%cal Bh4h5,Bh5h6][%mdl 32]} Ra1 57. h6 {Hoping for g6.} Rh1 58. Kg4 b5 59. Re4+ Kf7 {[#]} (59... Kd7 $142 60. Rb4 d5 61. Rxb5 Ke6) 60. Rf4+ $1 Ke7 61. Kf5 Kf7 62. g6+ Kg8 63. Kg5 Rg1+ 64. Kf6 a5 65. Rf5 d5 66. Rxd5 {[%cal Rd5d8]} Rf1+ 67. Ke5 Re1+ 68. Kf6 Rf1+ 69. Rf5 {White mates.} Rg1 70. Rxb5 {[%cal Rb5b8]} Rf1+ 71. Rf5 Rg1 72. Rxa5 {[%cal Ra5a8]} Rf1+ 73. Ke5 Re1+ 74. Kf4 Rf1+ 75. Ke3 Re1+ 76. Kf2 Re8 77. Kf3 Kh8 78. Kf4 {Precision: White = 64%, Black = 58%.} 1-0